| 000 | | | 05593ckm2a2200000#x 450 |
| 001 | | | 45d7396c-a463-4fad-aa63-b144d0aca609 |
| 005 | | | 20240718144311.0 |
| 100 | ## | $a | 20140422l18501917k l0rusy0189 ca |
| 101 | 0# | $a | rus |
| 102 | ## | $a | RU |
| 200 | 1# | $a | Памятник Петру I на Колодозерском погосте Пудожского уезда Олонецкой губернии |
| | $e | без даты |
| | $j | [1850-1917] |
| 251 | ## | $c | Дело |
| 300 | ## | $a | Фотография в конверте. Сепия. Наклеена на картон, в рамке с художественным оформлением. На лицевой стороне, сверху, написан от руки чернилами № 33. Под фотографией - наклейка с печатным текстом: "Памятник Петру Великому на упраздненном старом Мариинском канале, где находится старый шлюз во имя Св. Петра" |
| 300 | ## | $a | Оригинальный заголовок дела: Олонецкая губерния. Пудожский уезд. Старый Мариинский канал, старый шлюз во имя Святого Петра, памятник Петру I |
| 801 | #0 | $a | RU |
| | $b | РГИА |
| | $c | 20140422 |
| 801 | #1 | $a | RU |
| | $b | ГлавНИВЦ |
| | $c | 20140422 |
| | $2 | rusmarc |
| 801 | #2 | $a | RU |
| | $b | ПБ им. Б.Н. Ельцина |
| | $c | 20160229 |
| | $g | RCR |
| | $2 | rusmarc |
| 850 | ## | $a | Федеральное казенное учреждение "Российский государственный исторический архив" |
| 852 | ## | $a | РГИА |
| | $j | 1111 |
| 937 | ## | $h | РГИА |
| | $d | 11164697 |
| | $a | ASBIBLIO_SCAN |
| 462 | #0 | $1 | 001074eb75f-1902-4909-a924-b21579da7b9b |
| | $1 | 2001 |
| | $a | Коллекция фотографий Техническо-строительного комитета МВД древних и архитектурно-скульптурных памятников России |
| | $v | Д. 1111 |
| | $1 | 251 |
| | $c | Опись |
| | $1 | 852 |
| | $j | 169 |
| 461 | #0 | $1 | 001597a3917-b61a-443f-a337-cac2b95e7413 |
| | $1 | 2001 |
| | $a | Техническо-строительный комитет МВД |
| | $1 | 251 |
| | $c | Фонд |
| | $1 | 852 |
| | $j | 1293 |
| 215 | ## | $a | 1 лист |
| | $c | фот. |
| | $d | 24х18 см |
| 371 | ## | $a | Документ не является опубликованным и широко распространяемым |
| 105 | ## | $a | a### |
| 122 | 2# | $a | d1850###### |
| | $a | d1917###### |
| 517 | 1# | $a | Олонецкая губерния. Пудожский уезд. Старый Мариинский канал, старый шлюз во имя Святого Петра, памятник Петру I |
| 035 | ## | $a | 45d7396c-a463-4fad-aa63-b144d0aca609 |
| 324 | ## | $a | Графика |
| 607 | ## | $2 | prlib_sh |
| | $3 | DITM\AF\0000000593 |
| | $a | Старое Петровское, село (Вологодская область) |
| | $j | Фотографии |
| | $x | История |
| 605 | ## | $2 | acquisition_Prlib |
| | $3 | DITM\AF\0000004675 |
| | $a | Территория |
| | $l | коллекция |
| 605 | ## | $2 | acquisition_Prlib |
| | $3 | LIBNET\UAF\0000062048 |
| | $a | Республика Карелия: страницы истории |
| | $l | коллекция |
| 617 | ## | $2 | prlib_sh |
| | $b | Карелия, Республика |
| 617 | ## | $2 | prlib_sh |
| | $c | Олонецкая губерния |
| 686 | ## | $2 | rubbk |
| | $a | 63.3(28-8Оло)52я61 |
| | $v | LBC/M |